Report of the Katra-Colonelganj drainage:accident inquiry committee (Record no. 411363)

000 -LEADER
fixed length control field 00384cam a22001097a 4500
008 - FIXED-LENGTH DATA ELEMENTS--GENERAL INFORMATION
fixed length control field 180718b1941 xxu||||| |||| 00| 0 eng d
082 ## - DEWEY DECIMAL CLASSIFICATION NUMBER
Classification number N67x5421 Ut8
245 ## - TITLE STATEMENT
Title Report of the Katra-Colonelganj drainage:accident inquiry committee
Statement of responsibility, etc. by Muncipal Department
260 ## - PUBLICATION, DISTRIBUTION, ETC.
Place of publication, distribution, etc. Allahabad
Name of publisher, distributor, etc. Superintendent, Printing and Stationery
Date of publication, distribution, etc. 1941
300 ## - PHYSICAL DESCRIPTION
Extent 103p.
700 ## - ADDED ENTRY--PERSONAL NAME
Personal name United Provinces.Municipal
Holdings
Withdrawn status Lost status Damaged status Not for loan Permanent Location Current Location Date acquired Full call number Barcode Date last seen Price effective from Koha item type
        Indian Institute of Public Administration Indian Institute of Public Administration 2009-01-29 N67x5421 Ut8 24272 2018-07-21 2018-07-21 Book

Powered by Koha